| 000 | 00733cam a2200253 u 4500 | ||
|---|---|---|---|
| 003 | MX-MxUPN | ||
| 005 | 20240827152806.0 | ||
| 008 | 190918s2006 mx o ar 000 0 spa d | ||
| 020 | _a9705775192 | ||
| 035 | _aUPN01000232926 | ||
| 040 |
_aMX-MxUPN _bspa |
||
| 050 | 4 |
_aQC360 _bM57 2006 |
|
| 100 | 1 |
_aMiret, Maia F. _933377 |
|
| 245 | 1 | 3 | _aLa luz |
| 250 | _aPrimera edición | ||
| 260 |
_aMéxico, D.F. : _bLibros del Escarabajo, _c2006 |
||
| 300 |
_a26 páginas : _bilustraciones a color |
||
| 490 | _aSerie el morralito | ||
| 650 | 4 |
_923136 _aLuz _vLiteratura infantil |
|
| 700 | 1 |
_951781 _aCastillo Deball, Mariana _eilustración |
|
| 902 | _bVíctorGodínez/270824 | ||
| 942 |
_cLIBRO _2lcc |
||
| 999 |
_c205021 _d205021 |
||